=LDR 00000nam 2200000 4500 =001 INLIS000000000024722 =005 20210111083526 =035 ##$$a 0010-061300000024722 =008 210111################g##########0#ind## =041 ##$$a Ind =082 ##$$a 338.63 =090 ##$$a 338.63, Muh i =100 ##$$a Muhammad, Fadel =245 1#$$a Industrialisasi dan wiraswasta : $b Masyarakat industri 'Belah ketupat' /$c Fadel Muhammad; penyunting, Suharso Monoarfa =260 ##$$a Jakarta :$b Gramedia Pustaka Utama,$c 1992 =300 ##$$a xvi, 176 hlm, : $b ilus. ; $c 21 x 14 cm. =650 #4$$a Industralialisasi =850 ##$$a NBPNMAT =084 ##$$a 338.63 MUH i =990 ##$$a 57.443/Pro-93 =990 ##$$a 57.441/Pro-93 =990 ##$$a 57.442/Pro-93 =990 ##$$a 23492349 =990 ##$$a 00089802 =990 ##$$a 57.443/Pro-93 =990 ##$$a 57.441/Pro-93 =990 ##$$a 57.442/Pro-93